LEADER 00909nam a2200229 i 4500 001 991000280499707536 005 20020509164520.0 008 970419s1983 it ||| | ita 035 $ab11335592-39ule_inst 035 $aPARLA205353$9ExL 040 $aDip.to scienze storiche$bita 100 1 $aColafemmina, Cesare$0211585 245 12$aA servizio del regno :$bstudi per il 75. di fondazione del Pontificio Seminario regionale teologico pugliese /$ca cura di Cesare Colafemmina 260 $aMolfetta :$bMezzina,$c1983 300 $a272 p. ;$c25 cm. 650 4$aSeminari regionali$zPuglia$xStudi 907 $a.b11335592$b21-09-06$c01-07-02 912 $a991000280499707536 945 $aLE009 STOR. 43-82$g1$i2009000200647$lle009$o-$pE0.00$q-$rl$s- $t0$u1$v0$w1$x0$y.i11509284$z01-07-02 996 $aServizio del regno$9823603 997 $aUNISALENTO 998 $ale009$b01-01-97$cm$da $e-$fita$git $h2$i1 LEADER 00918nam a22002531i 4500 001 991001647239707536 008 110315s2010 cc a 001 0 eng d 020 $a9781449387884 035 $ab14047366-39ule_inst 040 $aDip.to Ingegneria dell'Innovazione$beng 082 0 $a005.438$222 100 1 $aRobbins, Arnold$0476738 245 10$aBash pocket reference /$cArnold Robbins 260 $aBeijing :$bO'Reilly Media,$cc2010 300 $av, 124 p. :$bill. ;$c18 cm 500 $aIncludes index 630 04$aUNIX Shells 630 04$aUNIX (Computer file) 907 $a.b14047366$b21-03-12$c20-03-12 912 $a991001647239707536 945 $aLE026 005.438 D ROB 01.01 2010$g1$i2026000060514$lle026$nProf. Tommasi / Biblioteca$op$pE8.77$q-$rn$s- $t1$u4$v0$w4$x0$y.i15393161$z21-03-12 996 $aBash pocket reference$9245241 997 $aUNISALENTO 998 $ale026$b15-03-11$cm$da $e-$feng$gcc $h0$i0